Statistics for 100 Worst Invasive Species

Click here to take the quiz!

General Stats

  • This quiz has been taken 33 times
  • The average score is 21 of 100

Answer Stats

HintSpecies% Correct
mammalBlack Rat
73%
mammalDomestic Cat
73%
mammalHouse Mouse
62%
flowering plantKudzu
62%
mammalDomestic Pig
58%
insectAsian Tiger Mosquito
50%
crustaceanChinese Mitten Crab
50%
crustaceanEuropean Green Crab
50%
insectNorth American Malaria Mosquito
50%
fishEuropean Carp
46%
mammalEuropean Rabbit
46%
fishRainbow Trout
46%
molluscAfrican Giant Snail
42%
insectArgentine Ant
42%
flowering plantBrazilian Pepper
42%
amphibianCane Toad
42%
molluscChanneled Apple Snail
42%
insectCommon European Yellowjacket
42%
mammalDomestic Goat
42%
insectLittle Fire Ant
42%
mammalRed Deer
42%
insectRed Imported Fire Ant
42%
molluscRosy Wolfsnail
42%
insectAfrican Big-headed Ant
38%
fishBrown Trout
38%
insectYellow Crazy Ant
38%
mammalEastern Grey Squirrel
35%
mammalRed Fox
35%
insectAsian Longhorn Beetle
31%
insectKhapra Beetle
31%
molluscMediterranean Mussel
31%
fishWalking Catfish
31%
molluscZebra Mussel
31%
birdCommon Myna
27%
flowering plantTrailing Daisy
27%
flowering plantCogon Grass
23%
flowering plantCommon Cordgrass
23%
birdEuropean Starling
23%
reptilePond Slider
23%
amphibianAmerican Bullfrog
19%
insectAsian Gypsy Moth
19%
molluscBrackish-water Clam
19%
mammalCommon Brushtail Possum
19%
algaeFeather Caulerpa
19%
coniferMaritime Pine
19%
mammalNutria
19%
SARRoot Rot Dieback
19%
primitive invertebrateSea Walnut
19%
SARWakame
19%
flowering plantCommon Water Hyacinth
15%
flowering plantJapanese Knotweed
15%
fishLargemouth Bass
15%
fishMozambique Tilapia
15%
fishNile Perch
15%
flowering plantYellow Himalayan Raspberry
15%
flowering plantBlack Wattle Acacia
12%
mammalEurasian Stoat
12%
spore plantGiant Salvinia
12%
mammalLong-tailed Macaque
12%
echinodermNorthern Pacific Sea Star
12%
flowering plantShell Mound Prickly Pear
12%
mammalSmall Indian Mongoose
12%
flowering plantWhite Leadtree
12%
reptileBrown Tree Snake
8%
fungusChestnut Blight
8%
amphibianCommon Coqui
8%
insectCypress Aphid
8%
fungusDutch Elm Disease
8%
flowering plantHoney Mesquite
8%
flowering plantKahili Ginger
8%
flowering plantMile-a-minute
8%
insectSilverleaf Whitefly
8%
fishWestern Mosquitofish
8%
flowering plantAfrican Tulip Tree
4%
SARAvian Malaria
4%
virusBanana Bunchy Top Virus
4%
flowering plantBroad-leaved Paperbark
4%
flowering plantCommon Lantana
4%
SARCrayfish Plague
4%
flowering plantFaya Bayberry
4%
crustaceanFishhook Waterflea
4%
insectFormosan Subterranean Termite
4%
flowering plantGiant Mimosa
4%
flowering plantGiant Reed
4%
flowering plantGorse
4%
flowering plantLeafy Spurge
4%
primitive invertebrateNew Guinea Flatworm
4%
birdRed-vented Bulbul
4%
flowering plantSaltcedar
4%
flowering plantTree Privet
4%
flowering plantTrumpet Tree
4%
flowering plantVelvet Miconia
4%
fungusAmphibian Chytrid
0%
flowering plantHiptage
0%
flowering plantKoster's Curse
0%
flowering plantPurple Loosestrife
0%
flowering plantRed Cinchona
0%
flowering plantShoebutton Ardisia
0%
flowering plantSiam Weed
0%
flowering plantStrawberry Guava
0%

Score Distribution

Percentile by Number Answered

Percent of People with Each Score

Your Score History

You have not taken this quiz